| 000 | 00455cam a2200181ua 4500 | ||
|---|---|---|---|
| 020 | _c16.00 | ||
| 041 |
_aeng _h |
||
| 082 |
_a338.9 _bHAS/EC |
||
| 100 | _aHaswell, M R . | ||
| 245 |
_aEconomic of development in village India / _cM.R.Haswell. _hTextual Documents |
||
| 250 |
_a1 / _b. |
||
| 260 |
_aMumbai : _bAllied Publishers Pvt Ltd , _c1967. |
||
| 300 | _a106 ; . | ||
| 365 | _a16.00 | ||
| 504 | _a | ||
| 942 | _cBK | ||
| 999 |
_c2141 _d2141 |
||